Das Grab des Paenkhemenu (TT 68) un die Anlage TT 227

محفوظ في:

المؤلف الرئيسي: Karl-Joachim Seyfried

مؤلفون آخرون: Eva Hofmann

التنسيق: كتاب

اللغة: Undetermined

منشور في: Mainz am Rhein Philipp von Zabern 1991

سلاسل: Theben, 6.

الموضوعات:

الوسوم: إضافة وسم

لا توجد وسوم, كن أول من يضع وسما على هذه التسجيلة!

رقم الطلب: (F) DT73 .T3 T65 v.6

LEADER 00918nam a2200229Ia 4500
008 220904s9999||||xx |||||||||||||| ||und||
020 |a 3805312334 
050 |a (F) DT73 .T3 T65 v.6 
100 1 |a  Karl-Joachim Seyfried 
245 1 0 |a Das Grab des Paenkhemenu (TT 68) un die Anlage TT 227   |c Karl-Joachim Seyfried, Eva Hofmann 
264 1 |a  Mainz am Rhein  |b  Philipp von Zabern  |c 1991 
300 |a viii,149.p viii, xxi p of plates  |b ill. (some col.)   |c 35cm 
490 0 |a  Theben, 6. 
500 |a Includes bibliographical referencesn (p. 142-145)  
504 |a Thirteen ill. On 14 folded leaves in pocket 
505 0 |a Pa-en-khemenu -- Tomb.  
650 4 |a Thebes (Egypt : Extinct city)  
650 4 |a Tombs -- Egypt.  
700 1 |a Eva Hofmann 
942 |2 lcc  |c BK 
952 |0 0  |1 0  |2 lcc  |3 V.6  |4 0  |7 1  |9 42724  |a ARCE  |b ARCE  |d 2022-09-04  |l 0  |o (F) DT73 .T3 T65 v.6  |p 1031795  |r 2022-09-04 00:00:00  |w 2022-09-04  |y BK 
999 |c 49397  |d 49397